000 01071nam a2200313 i 4500
001 768714001
003 CO-MdFUSB
005 20210917123553.0
007 ta
008 210823t1987 spa |||| |||| 00| 0 spa d
020 _a8425415624
040 _aCO-MdFUSB
_bspa
_cCO-MdFUSB
_dCO-MdFUSBC
_erda
041 _aspa
082 _223
_a170
_bR539
100 _aRicken, Friedo,
_eautor
245 _aÉtica general
_c/ Friedo Ricken
264 1 _aEspaña :
_bHerder,
_c[1987]
264 4 _c© 1987
300 _a202 páginas
_c; 20 cm
336 _2rdacontent
_atexto
_btxt
337 _2rdamedia
_asin mediación
_bn
338 _2rdacarrier
_avolumen
_bnc
490 _aCurso fundamental de filosofía
505 _aConcepto y cometido de la ética.-- La pretensión de poder fundamentar los principios morales. -- El concepto de la actuación moral. -- Universalización y fundamentación transcendental de las normas. -- La aplicación del axioma de la autofinalidad de contenido.
563 _aRústico
653 _aÉtica.
942 _cBK
945 _aJTF-925
999 _c66845
_d66845